| Registos Bibliográficos associados ao registo de autoridade |
|
Etiqueta de registo: 00000nam 2200025 450 001 2279361 003 http://id.bnportugal.gov.pt/bib/catbnp/2279361 100 ## $a20260311d2025 k y0pory01030103ba 101 0# $aeng$dpor 102 ## $aPT 105 ## $aa m 000yy 106 ## $ar 200 1# $aOtimização da geometria e textura para reconstrução 3D usando dados RGB-D$dOptimization of geometry and texture for 3D reconstruction using RGB-D data$fTiago de Matos Ferreira Madeira$gorient. Paulo Miguel de Jesus Dias, Miguel Armando Riem de Oliveira$zeng 210 #9 $aAveiro$c[s.n.],$d2025 215 ## $a[6] f., XI, 135 p.$cil.$d30 cm 328 #1 $aTese dout. Engenharia Informática, Universidade de Aveiro, 2025 510 1# $aOptimization of geometry and texture for 3D reconstruction using RGB-D data$zeng 675 ## $a004.4(043)$vBN$zpor$3787169 675 ## $a004.9(043)$vBN$zpor$3788403 675 ## $a681.5(043)$vBN$zpor$3297997 700 #1 $aMadeira,$bTiago de Matos Ferreira$31990808 702 #1 $aDias,$bPaulo Miguel de Jesus$4727$31875863 702 #1 $aOliveira,$bMiguel Armando Riem de$4727$31543750 801 #0 $aPT$bBN$gRPC 966 ## $lBN$mFGMON$sP. 72526 V.$x1 971 ## $corlando$d20260311 972 ## $e0$z0$d20260416$vlrevez 973 ## $ctrodrigues$d20260413
|
|
|